01757nam a2200385 a 4500001001000000003000500010005001700015008004100032010001100073011001100084040000900095090001000104100003800114245028300152260004100435500006000476502008200536590004100618590004000659590004000699590004000739650003500779650003700814650003100851650003700882650002300919700004100942856007000983901000701053942001001060942000601070999001901076952013601095952014001231000111064CHAP20220329144156.0141128s2014 mx fsm |||||||spa d a107526 a108498 cCHAP aTesis1 aMartínez Reyes, Citlali912887210aGerminación de esporas de helechos arborescentesh[En línea]bAlsophila firma (Baker) y dicksonia sellowiana (Hook), conservados ex situ en el invernadero especies tropicales de la Universidad Autónma Chapingo /cpor Citlali Martínez Reyes y Esmeralda Serrano Cervantes. aChapingo, Méx. :bEl autor,c2014. aPara ver el contenido del material haga clic en la liga aTesis (Ing. en Recursos Naturales Renovables) -- UACH. Departamento de Suelos aE11695DGDb10c20141202lUCH01h0745 aE5995AHEb05c20141128lUCH01h1056 aE5995AHEb05c20141128lUCH01h1057 aE5995AHEb05c20141128lUCH01h105914aEsporasxGerminación.93813214aHelechosxMéxico (Edo.)95341614aPlantas tropicales.98908814aPropagación de plantas.99241714aSustratos.91107891 aSerrano Cervantes, Esmeralda9128873 aFinding aiduhttp://10.13.5.2/tesis/sist111064.pdfzTeclea aquí aBK cTESIS n0 c107526d107526 00104054718TESISaBCbBCd2014-11-28fTESISl0oTesisp33724002437397r2019-12-31 00:00:00w2019-12-31yTESISzRecien adquirido 00102local4053708TESISaBCbBCcPA_TESISd2014-11-28fTESISl0oTesisp33724002437439r2019-12-31 00:00:00tc.2w2019-12-31yTESIS